000 00502cam a22001812 4500
001 0000000545
005 20170406112704.0
008 131113s xx 000 0 eng d
020 _a052105753 :
_c$
040 _aYour Holding Symbol
_cYour Holding Symbol
100 1 _aMoore,Edward .George.
245 1 0 _aprincipia ethica.
250 _a ed.
260 _alondon :
_bcambridge,
_c1903.
300 _a 232p. :
_bincludes index ;
_c cm.
650 0 _aphilosophy.
908 _a131113
999 _c472
_d472